Basikalku

Bibliographic Details
Main Authors: Ghazali Ngah Azia, JF SC MAL (752), Perintis pealan induk Ghazali Ngah Azia
Format: Book
Published: Selangor : Media Raffik , 2021
Subjects:

MARC

LEADER 00000cam a2200000 7i4500
001 0000086915
005 20211021.0
008 211021
020 |a 9789671729861 
041 0 |a Malay 
090 0 0 |a GHA   |b MAL 
100 0 |a Ghazali Ngah Azia 
100 0 |a JF   |b SC MAL (752) 
100 0 |a Perintis pealan induk   |c Ghazali Ngah Azia 
245 1 0 |a Basikalku   |c Ghazali Ngah Azia 
260 |a Selangor :   |b Media Raffik ,   |c 2021 
300 |a 130 p. ;   |c 18.8 cm. 
500 |a Teenager ages 13-18 years old (blue) 
541 0 0 |c Purchased on 2021   |f 202106 MZE   |h RM10.00 
650 0 |a Malay fiction 
650 0 |a Malaysian fiction (Malay) 
999 |a 0001661780   |b Book   |c Teenagers   |e Cawangan Segamat 
999 |a 0001661781   |b Book   |c Adult Collection   |e Cawangan Bandar Penawar 
999 |a 0001661782   |b Book   |c Teenagers   |e Cawangan Mersing 
999 |a 0001661783   |b Book   |c Teenagers   |e Cawangan Tangkak 
999 |a 0001661784   |b Book   |c Teenagers   |e Cawangan Muar 
999 |a 0001661785   |b Book   |c Teenagers   |e Cawangan Tmn. Ungku Tun Aminah 
999 |a 0001661786   |b Book   |c Adult Collection   |e Cawangan Kota Tinggi 
999 |a 0001661787   |b Book   |c Teenagers   |e Cawangan Bandar Tenggara 
999 |a 0001661788   |b Book   |c Teenagers   |e Cawangan Taman Sri Lambak 
999 |a 0001661789   |b Book   |c Adult Collection   |e Cawangan Batu Pahat 
999 |a 0001661790   |b Book   |c Children Collection   |e Cawangan Sri Merlong 
999 |a 0001661791   |b Book   |c Teenagers   |e Cawangan Pontian 
999 |a 0001661792   |b Book   |c Adult Collection   |e Cawangan Bukit Gambir 
999 |a 0001662105   |b Book   |c Adult Collection   |e Perbadanan Perpustakaan Awam Johor 
999 |a 0001662106   |b Book   |c Adult Collection   |e Cawangan Urban Transformation Centre 
999 |a 0001662107   |b Book   |c Adult Collection   |e Cawangan AEON Kulaijaya